00521 2200205 4500001002100000005001500021008004100036020002200077035001900099041000700118082001200125090001800137100001800155700001600173245003400189260003100223300002600254500001000280650002500290INLIS00000000000417420241224112848241224||||||||| | ||| |||| || |  a978-602-955-645-2 0010-1224004174 aid0 a495.131 a495.131 MEN k0 aBoye De Mente0 aArif Sanura00aKamus Mini Indonesia Mandarin aJogjakartabGarailmuc2010 a19,5x12 cm, 114 hlm.; aCet.1 0aIlmu Bahasa -- Kamus